حركة السكان وانتقال القوى العاملة في العالم العربي / (Record no. 26593)

MARC details
000 -الفاتح
حقل البيانات ثابتة الطول 01477nam a22002775a 4500
003 - محدد رقم الضبط
رقم الضبط OSt
005 - وقت وتاريخ اخر تعامل مع التسجيلة
رقم الضبط 20180424155051.0
008 - عناصر البيانات ثابتة الطول - معلومات عامة
حقل البيانات ثابتة الطول 180424s1991 jo a frb 000 0 ara d
020 ## - الرقم الدولى المعيارى للكتب
الرقم الدولى المعيارى للكتاب 9226075514
040 ## - مصدر الفهرسة
وكالة الفهرسة الأصلية EG-ScBUE
لغة الفهرسة ara
وكالة النسخ EG-ScBUE
043 ## - رمز المنطقة الجغرافية
رمز المنطقة الجغرافية ma-----
082 04 - رقم تصنيف ديوى العشرى
رقم التصنيف 331.1109174927
رقم المادة ح ر ك
رقم الطبعة 22
245 00 - بيان العنوان
العنوان حركة السكان وانتقال القوى العاملة في العالم العربي /
بيان المسئوليه,etc تحرير ومراجعة نبيل خوري، صالح الخصاونة ؛ المساهمون نبيل خوري... [إلخ.].
250 ## - بيان الطبعة
بيان الطبعة ط. 1.
260 ## - PUBLICATION, DISTRIBUTION, ETC. (IMPRINT)
مكان الناشر او الموزع عمان، الأردن :
اسم الناشر او الموزع المملكة الأردنية الهاشمية، وزارة العمل ؛
مكان الناشر او الموزع [د. م.] :
اسم الناشر او الموزع منظمة العمل الدولية، المكتب الإقليمي للدول العربية، فريق عمل السكان والقوى العاملة في منطقة الشرق الأوسط وحوض البحر الأبيض المتوسط،
تاريخ النشر أو التوزيع 1991.
300 ## - الوصف المادى
التعداد 125 ص. :
تفاصيل ماديه اخرى للوعاء إيض. ؛
أبعاد الوعاء 24 سم.
504 ## - تبصرة ببليوجرافية
تبصرة ببليوجرافية,الخ يشتمل على إرجاعات ببليوجرافية.
541 ## - تبصرة المصدر المباشر للتزويد
مصدر التزويد أ. محمد فريد خميس ؛
طريقة التزويد إهداء ؛
650 #7 - المدخل الاضافى بالموضوع-مصطلح موضوعى
مصطلح موضوعي أو اسم جغرافي كعنصر مدخل القوى العاملة
التقسيم الفرعي الجغرافي البلاد العربية.
مصدر الرأس أو المصطلح BUEsh
650 #7 - المدخل الاضافى بالموضوع-مصطلح موضوعى
مصطلح موضوعي أو اسم جغرافي كعنصر مدخل السكان
التقسيم الفرعي الجغرافي البلاد العربية.
مصدر الرأس أو المصطلح BUEsh
651 ## - المدخل الاضافى بالموضوع - اسم جغرافى
مصدر الرأس أو المصطلح BUEsh
653 ## - مصطلح تكشيفى غير مقيد
Resource For college Generalities
Arrived date list April2018
700 1# - المدخل الاضافى - اسم شخصى
الإسم الشخصى خوري، نبيل،
الدور محرر،
-- مراجع.
700 1# - المدخل الاضافى - اسم شخصى
الإسم الشخصى خصاونة، صالح،
الدور محرر،
-- مراجع.
942 ## - عناصر المدخل الإضافي( كوها)
مصدر التصنيف او مخطط الترفيف Dewey Decimal Classification
Holdings
حالة التراجع حالة الفقد مصدر التصنيف او خطة الترفيف حالة تلف ليس للاعارة مجموعات كوها المكان الدائم المكان الحالي موقع الترفيف تاريخ الاكتساب Source of acquisition رقم الاستدعاء الباركود Date last seen تبصرة غير عامة( المفوع للعناصر المفقوده) نوع الوعاء
    Dewey Decimal Classification     Donation-Gift Central Library Central Library Ground Floor 24/04/2018 Donation 331.1109174927 ح ر ك 000043343 15/07/2025 إهداء من أ. محمد فريد خميس Book - Borrowing